Statistiche per Mappa delle Province d'Italia

Clicka qui per fare il quiz!

Statistiche generali

  • Questo quiz è stato fatto 13,806 volte
  • Il punteggio medio è 80 su 110

Risposte nella Mappa

Le risposte nella mappa del quiz sottostante sono codificate secondo una scala di colori dal rosso al verde in base alla % di persone che hanno risposto correttamente.
Caricamento ...
utf-8utf-8utf-8utf-8utf-8utf-8utf-8utf-8utf-8utf-8utf-8utf-8utf-8utf-8utf-8utf-8utf-8utf-8utf-8utf-8utf-8utf-8utf-8utf-8utf-8utf-8utf-8utf-8utf-8utf-8utf-8utf-8utf-8utf-8utf-8utf-8utf-8utf-8utf-8utf-8utf-8utf-8utf-8utf-8utf-8utf-8utf-8utf-8utf-8utf-8utf-8utf-8utf-8utf-8utf-8utf-8utf-8utf-8utf-8utf-8utf-8utf-8utf-8utf-8utf-8utf-8utf-8utf-8utf-8utf-8utf-8utf-8utf-8utf-8utf-8utf-8utf-8utf-8utf-8utf-8utf-8utf-8utf-8utf-8utf-8utf-8utf-8utf-8utf-8utf-8utf-8utf-8utf-8utf-8utf-8utf-8utf-8utf-8utf-8utf-8utf-8utf-8utf-8utf-8utf-8utf-8utf-8utf-8utf-8utf-8utf-8utf-8utf-8utf-8utf-8utf-8utf-8utf-8utf-8utf-8utf-8utf-8utf-8utf-8utf-8utf-8utf-8utf-8utf-8utf-8utf-8utf-8utf-8utf-8utf-8utf-8utf-8utf-8utf-8utf-8utf-8utf-8utf-8utf-8utf-8utf-8utf-8utf-8utf-8utf-8utf-8utf-8utf-8utf-8utf-8utf-8utf-8utf-8utf-8utf-8utf-8utf-8utf-8utf-8utf-8utf-8utf-8utf-8utf-8utf-8utf-8utf-8utf-8utf-8utf-8utf-8utf-8utf-8utf-8utf-8utf-8utf-8utf-8utf-8utf-8utf-8utf-8utf-8utf-8utf-8utf-8utf-8utf-8utf-8utf-8utf-8utf-8utf-8utf-8utf-8utf-8utf-8utf-8utf-8utf-8utf-8utf-8utf-8utf-8utf-8utf-8utf-8utf-8utf-8utf-8utf-8utf-8utf-8utf-8utf-8utf-8utf-8
 

Statistiche sulle risposte

Provinces % Correct
Roma
96%
Milano
96%
Genova
95%
Torino
95%
Napoli
94%
Aosta
94%
Venezia
94%
Firenze
94%
Bari
94%
Bologna
92%
Cagliari
92%
Palermo
92%
Trento
90%
Trieste
89%
Bolzano
87%
Verona
87%
Reggio Calabria
86%
Pisa
86%
Lecce
85%
Ancona
84%
Udine
84%
Perugia
84%
Catania
84%
L'Aquila
84%
Padova
83%
Messina
83%
Bergamo
83%
La Spezia
82%
Rimini
81%
Livorno
81%
Brescia
81%
Reggio Emilia
80%
Sassari
79%
Campobasso
78%
Como
78%
Potenza
78%
Salerno
78%
Catanzaro
78%
Agrigento
77%
Taranto
76%
Vicenza
76%
Parma
76%
Modena
75%
Foggia
75%
Alessandria
75%
Lucca
75%
Savona
74%
Latina
74%
Siracusa
73%
Imperia
73%
Matera
73%
Trapani
73%
Ferrara
73%
Siena
72%
Mantova
71%
Monza e Brianza
71%
Cuneo
71%
Ravenna
70%
Pescara
70%
Gorizia
70%
Varese
70%
Piacenza
69%
Treviso
69%
Viterbo
69%
Forlì-Cesena
69%
Enna
69%
Grosseto
69%
Lecco
69%
Pordenone
68%
Belluno
68%
Asti
68%
Brindisi
68%
Pavia
68%
Frosinone
68%
Avellino
68%
Cremona
68%
Ragusa
67%
Crotone
67%
Cosenza
67%
Pesaro e Urbino
66%
Massa-Carrara
66%
Novara
66%
Sondrio
66%
Caserta
66%
Barletta-Andria-
Trani
65%
Lodi
65%
Nuoro
65%
Benevento
64%
Olbia-Tempio
64%
Prato
63%
Arezzo
63%
Terni
63%
Vercelli
63%
Rovigo
62%
Vibo Valentia
62%
Rieti
62%
Isernia
62%
Caltanissetta
61%
Biella
61%
Verbano-Cusio-
Ossola
59%
Chieti
59%
Ascoli Piceno
58%
Macerata
58%
Teramo
57%
Oristano
56%
Pistoia
56%
Carbonia-Iglesias
47%
Fermo
47%
Ogliastra
38%
Medio Campidano
36%

Distribuzione punteggi

Percentile per numero di risposta

Percentuale di utenti per punteggio

I tuoi punteggi nel tempo

Non hai fatto questo quiz